Welcome to CU Library Online Public Access Catalogue (OPAC)

Holistic Pathology for Body-Centered Therapists/ (Record no. 3208)

MARC details
000 -LEADER
fixed length control field 00417nam a22001457a 4500
005 - DATE AND TIME OF LATEST TRANSACTION
control field 20250129122831.0
008 - FIXED-LENGTH DATA ELEMENTS--GENERAL INFORMATION
fixed length control field 250129b |||||||| |||| 00| 0 eng d
020 ## - INTERNATIONAL STANDARD BOOK NUMBER
International Standard Book Number 9780965869027
050 ## - LIBRARY OF CONGRESS CALL NUMBER
Classification number RB113 BUR
100 ## - MAIN ENTRY--PERSONAL NAME
Personal name Burch, Sharon
245 ## - TITLE STATEMENT
Title Holistic Pathology for Body-Centered Therapists/
Statement of responsibility, etc. Sharon Burch
260 ## - PUBLICATION, DISTRIBUTION, ETC.
Place of publication, distribution, etc. Lawrence
Name of publisher, distributor, etc. Health Positive
Date of publication, distribution, etc. 2001
300 ## - PHYSICAL DESCRIPTION
Extent viii. 568p.
Other physical details ill.
Dimensions 28cm
942 ## - ADDED ENTRY ELEMENTS (KOHA)
Source of classification or shelving scheme Library of Congress Classification
Koha item type Books
Suppress in OPAC No
999 ## -
-- 3208
-- 3208
Holdings
Withdrawn status Lost status Source of classification or shelving scheme Damaged status Not for loan Collection Home library Current library Shelving location Date acquired Total checkouts Full call number Barcode Date last seen Copy number Price effective from Koha item type
    Library of Congress Classification     Non-fiction Science Library (Miotso) Science Library (Miotso) General stacks 01/29/2025   RB113 BUR SLM00002540 01/29/2025 1 01/29/2025 Books
    Library of Congress Classification     Non-fiction Science Library (Miotso) Science Library (Miotso) General stacks 01/29/2025   RB113 BUR SLM00002541 01/29/2025 2 01/29/2025 Books
© 2023-2024 Copyright: Central University Libraries. All Rights Reserved | Created by: Mahone Tech Office